Pomoc pre sociálne odkázané vrstvy

Zo Správy o stave riešenia prípravy projektu Fondu sociálneho rozvoja. Niektoré informácie o príprave a organizačnom zabezpečení projektu. Svetová banka grantom japonskej vlády podporila prípravu Fondu sociálneho rozvoja (FSR) na Slovensku. Ciele FSR. Cieľové skupiny projektu. Regionálni koordinátor...

Ausführliche Beschreibung

Gespeichert in:
Bibliographische Detailangaben
Format: Buchkapitel
Sprache:Slowakisch
Schlagworte:
Tags: Tag hinzufügen
Keine Tags, Fügen Sie das erste Tag hinzu!

MARC

LEADER 00000naa$a2200000$$$4500
001 0007427
005 20231016083414.3
041 0 |a slo 
044 |a SK 
245 1 0 |a Pomoc pre sociálne odkázané vrstvy 
520 |a Zo Správy o stave riešenia prípravy projektu Fondu sociálneho rozvoja. Niektoré informácie o príprave a organizačnom zabezpečení projektu. Svetová banka grantom japonskej vlády podporila prípravu Fondu sociálneho rozvoja (FSR) na Slovensku. Ciele FSR. Cieľové skupiny projektu. Regionálni koordinátori. 
610 2 0 |a pomoc sociálna 
610 2 0 |a fond sociálny 
610 2 0 |a projekty 
610 2 0 |a rozvoj sociálny 
610 2 0 |a regióny 
610 2 0 |a Slovensko 
610 2 0 |a Fond sociálneho rozvoja